|
|
|
|
| LEADER |
00000nam a2200000 4500 |
| 001 |
vtls012059636 |
| 003 |
SK-MaSNL |
| 005 |
20260302084051.0 |
| 008 |
210622s2020 xr iob gr 000 0dcze |
| 015 |
|
|
|a SNBZSA2024/06
|
| 020 |
|
|
|a 9788088259640
|q (viazané)
|
| 040 |
|
|
|a SNK
|b slo
|c SNK
|e rda
|
| 041 |
1 |
|
|a cze
|a eng
|h cze
|
| 043 |
|
|
|a e-xr---
|
| 044 |
|
|
|a xr
|c CZ
|
| 072 |
|
7 |
|a 72
|x Architektúra
|2 konspekt
|
| 080 |
|
|
|a 778.35
|2 2011
|
| 080 |
|
|
|a (084.12)
|2 2011
|
| 080 |
|
|
|a (437.32)
|2 2011
|
| 100 |
1 |
|
|a Paprčka, Milan,
|d 1979-
|4 aut
|4 pht
|9 52208
|
| 245 |
1 |
0 |
|a Moravské hrady a zámky z nebe
|c Milan Paprčka, Martina Grznárová ; překlad: Skřivánek s.r.o.
|
| 246 |
3 |
1 |
|a Moravian castles and châteaux from heaven
|
| 250 |
|
|
|a 1. vydání
|
| 264 |
|
1 |
|a Zlín
|b CBS Nakladatelství s.r.o.
|c 2020
|
| 300 |
|
|
|a 149 strán
|b erby, farebné fotografie, mapa
|c 17 x 25 cm
|
| 336 |
|
|
|a text
|b txt
|2 rdacontent
|
| 336 |
|
|
|a statický obraz
|b sti
|2 rdacontent
|
| 337 |
|
|
|a bez média
|b n
|2 rdamedia
|
| 338 |
|
|
|a zväzok
|b nc
|2 rdacarrier
|
| 366 |
|
|
|e 4100 kusov
|
| 500 |
|
|
|a Obsahuje biografické a profesijné údaje o autoroch
|
| 500 |
|
|
|a Na obálke uvedené: Creative Business Studio
|
| 504 |
|
|
|a Súbežný názov a text v angličtine
|
| 650 |
0 |
7 |
|a letecká fotografia
|2 SNKPH
|9 51512
|
| 650 |
0 |
7 |
|a Aerial photography
|2 SNKPHeng
|9 310941
|
| 650 |
0 |
7 |
|a 728.81
|2 2011
|9 752756
|
| 650 |
0 |
7 |
|a hrady
|2 SNKPH
|9 3039
|
| 650 |
0 |
7 |
|a Castles
|2 SNKPHeng
|9 265903
|
| 650 |
0 |
7 |
|a 728.82
|2 2011
|9 752757
|
| 650 |
0 |
7 |
|a zámky
|2 SNKPH
|9 3041
|
| 650 |
0 |
7 |
|a Chateaux
|2 SNKPHeng
|9 311377
|
| 651 |
|
7 |
|a Morava (Česko)
|2 SNKPHgeo
|9 213805
|
| 651 |
|
7 |
|a Moravia (Czechia)
|2 SNKPHeng
|9 208233
|
| 655 |
|
7 |
|a fotografické publikácie
|2 SNKPH
|9 70483
|
| 655 |
|
7 |
|a Photographic publication
|2 SNKPHeng
|9 266858
|
| 700 |
1 |
|
|a Hošková, Martina,
|d 1990-
|4 aut
|9 212988
|
| 700 |
1 |
|
|a Krajňák, Matúš,
|d 1983-
|4 pht
|9 165931
|
| 700 |
1 |
|
|a Nádašiová, Simona,
|d 1987-
|4 pht
|9 52209
|
| 700 |
1 |
|
|a Chovan, Jakub,
|d 1989-
|4 pht
|9 187525
|
| 700 |
1 |
|
|a Hein, Dušan,
|d 1976-
|4 pht
|9 362743
|
| 700 |
1 |
|
|a Trnka, Radovan,
|d 1984-
|4 pht
|9 361500
|
| 700 |
1 |
|
|a Gecovič, Miroslav
|4 pht
|9 10978
|
| 700 |
1 |
|
|a Glovňa, Kamil,
|d 1975-
|4 pht
|9 209650
|
| 700 |
1 |
|
|a Javořík, Ondřej,
|d 1993-
|4 pht
|9 234049
|
| 700 |
1 |
|
|a Srněnská, Radka,
|d 1974-
|4 aut
|9 234017
|
| 710 |
2 |
|
|a CBS Flying Team
|4 pht
|9 372855
|
| 710 |
2 |
|
|a Skřivánek (Zlín, Česko)
|4 trl
|9 236267
|
| 852 |
|
|
|a Slovenská národná knižnica
|
| 919 |
|
|
|a 978-80-88259-64-0
|
| 954 |
|
|
|a obrazové publikácie zamerané na výtvarné umenie a fotografiu pôvodné (slovenské)
|2 lita
|
| 954 |
|
|
|a obrazové publikácie zamerané na výtvarné umenie a fotografiu cudzojazyčné (svetové)
|2 lita
|
| 958 |
|
|
|a ZS
|
| 958 |
|
|
|a OP
|
| 968 |
|
|
|a Čes, eng
|b ČES
|
| 999 |
|
|
|c 1186521
|d 1188451
|
| 952 |
|
|
|a SNK
|b SNK
|y PREZ
|7 0
|p 17A1466194
|o snkSD 90124
|i snk2021/14088
|8 4
|g 23.33
|0 0
|1 0
|4 0
|d 2021-06-22
|l 0
|r 2026-02-24 21:58:01
|w 2026-02-24
|